000 00182 a2200097 4500
020 _a9780736873338
041 _aspa
100 _aCatala, Ellen
245 _aVamos a volar
942 _cBK
999 _c9355
_d9355